<?xml version="1.0" encoding="UTF-8"?>
<record
    xmlns:xsi="http://www.w3.org/2001/XMLSchema-instance"
    xsi:schemaLocation="http://www.loc.gov/MARC21/slim http://www.loc.gov/standards/marcxml/schema/MARC21slim.xsd"
    xmlns="http://www.loc.gov/MARC21/slim">

  <leader>01998nam a22003017a 4500</leader>
  <controlfield tag="001">8112</controlfield>
  <controlfield tag="003">FISKH</controlfield>
  <controlfield tag="005">20250827103743.0</controlfield>
  <controlfield tag="008">250825b        cb ||||| |||| 00| 0 eng d</controlfield>
  <datafield tag="020" ind1=" " ind2=" ">
    <subfield code="a">9789996333101</subfield>
  </datafield>
  <datafield tag="040" ind1=" " ind2=" ">
    <subfield code="a">FISKH</subfield>
    <subfield code="b">khr</subfield>
    <subfield code="c">FISKH</subfield>
    <subfield code="d">FISKH</subfield>
  </datafield>
  <datafield tag="050" ind1=" " ind2=" ">
    <subfield code="a">PZ7</subfield>
  </datafield>
  <datafield tag="082" ind1=" " ind2=" ">
    <subfield code="a">590 </subfield>
  </datafield>
  <datafield tag="100" ind1=" " ind2=" ">
    <subfield code="a">Thaily, Ly</subfield>
  </datafield>
  <datafield tag="245" ind1=" " ind2=" ">
    <subfield code="a">&#x1781;&#x17D2;&#x179B;&#x17B6;&#x1783;&#x17D2;&#x1798;&#x17BB;&#x17C6;&#x1793;&#x17B7;&#x1784;&#x178A;&#x17BE;&#x1798;&#x1796;&#x1784;&#x17D2;&#x179A; :</subfield>
    <subfield code="b">The bear and the pongro tree /</subfield>
    <subfield code="c">&#x179A;&#x17C0;&#x1794;&#x179A;&#x17C0;&#x1784;&#x178A;&#x17C4;&#x1799; &#x179B;&#x17B8; &#x1790;&#x17C3;&#x179B;&#x17B8; ,&#x200B; &#x179C;&#x17B7;&#x1785;&#x17B7;&#x178F;&#x17D2;&#x179A;&#x1780;&#x179A;&#x179A;&#x17BC;&#x1794;&#x1797;&#x17B6;&#x1796;&#x178A;&#x17C4;&#x1799; &#x1790;&#x17C3; &#x179F;&#x17B6;&#x1793;&#x17D2;&#x178F;</subfield>
  </datafield>
  <datafield tag="260" ind1=" " ind2=" ">
    <subfield code="a">&#x1797;&#x17D2;&#x1793;&#x17C6;&#x1796;&#x17C1;&#x1789; : </subfield>
    <subfield code="b">&#x179A;&#x17C4;&#x1784;&#x1796;&#x17BB;&#x1798;&#x17D2;&#x1796; &#x1796;&#x17C1;&#x1787;&#x17D2;&#x179A; &#x178E;&#x17C2;&#x178F; ,</subfield>
  </datafield>
  <datafield tag="300" ind1=" " ind2=" ">
    <subfield code="a">20 pages : </subfield>
    <subfield code="b">color illustrations ; </subfield>
    <subfield code="c">25 cm . </subfield>
  </datafield>
  <datafield tag="505" ind1=" " ind2=" ">
    <subfield code="a">M 
</subfield>
  </datafield>
  <datafield tag="520" ind1=" " ind2=" ">
    <subfield code="a">&#x1781;&#x17D2;&#x179B;&#x17B6;&#x1783;&#x17D2;&#x1798;&#x17BB;&#x17C6;&#x1794;&#x17B6;&#x1793;&#x178A;&#x17BE;&#x179A;&#x1780;&#x17B6;&#x178F;&#x17CB;&#x178A;&#x17BE;&#x1798;&#x1796;&#x1784;&#x17D2;&#x179A;&#x1798;&#x17BD;&#x1799;&#x1780;&#x17CF;&#x179F;&#x17C6;&#x1784;&#x17C6;&#x178A;&#x17C1;&#x1780;&#x1799;&#x1780;&#x1780;&#x1798;&#x17D2;&#x179B;&#x17B6;&#x17C6;&#x1784;&#x17D4; &#x179C;&#x17B6;&#x1799;&#x179B;&#x17CB;&#x179F;&#x1794;&#x17D2;&#x178F;&#x17B7;&#x1783;&#x17BE;&#x1789;&#x1795;&#x17D2;&#x179B;&#x17C2;&#x1796;&#x1784;&#x17D2;&#x179A;&#x1792;&#x17D2;&#x179B;&#x17B6;&#x1780;&#x17CB;&#x179B;&#x17BE;&#x1780;&#x17D2;&#x1794;&#x17B6;&#x179B;&#x179C;&#x17B6;&#x200B; &#x179C;&#x17B6;&#x1781;&#x17B9;&#x1784;&#x1799;&#x17C9;&#x17B6;&#x1784;&#x1781;&#x17D2;&#x179B;&#x17B6;&#x17C6;&#x1784; &#x179C;&#x17B6;&#x1780;&#x17CF;&#x1798;&#x17B6;&#x1793;&#x1794;&#x17C6;&#x178E;&#x1784;&#x179A;&#x17C6;&#x179B;&#x17BE;&#x1784;&#x178A;&#x17BE;&#x1798;&#x1796;&#x1784;&#x17D2;&#x179A;&#x1793;&#x17C1;&#x17C7;&#x1785;&#x17C4;&#x179B; &#x17D4; &#x179C;&#x17B6;&#x1780;&#x17CF;&#x1789;&#x17BB;&#x17C7;&#x1789;&#x17BB;&#x1784;&#x17A2;&#x17C4;&#x1799;&#x1780;&#x179F;&#x17B7;&#x1780;&#x179A;&#x1780;&#x17B6;&#x1794;&#x17CB;&#x178A;&#x17BE;&#x1798;&#x1796;&#x1784;&#x17D2;&#x179A; &#x178F;&#x17C2;&#x17A2;&#x1780;&#x17BB;&#x179F;&#x179B; &#x1780;&#x179F;&#x17B7;&#x1780;&#x179A;&#x200B; &#x1780;&#x17CF;&#x179F;&#x1798;&#x17D2;&#x179B;&#x17B6;&#x1794;&#x17CB;&#x1781;&#x17D2;&#x179B;&#x17B6;&#x1783;&#x17D2;&#x1798;&#x17BB;&#x17C6;&#x1791;&#x17C5; &#x17D4;&#x200B;</subfield>
  </datafield>
  <datafield tag="520" ind1=" " ind2=" ">
    <subfield code="a">A bear was walking past a Pongro tree and decided to lie down to rest. As it slept, it dreamed that a Pongro fruit fell on its head. It became very angry and wanted to destroy the Pongro tree. So, it urged a farmer to cut down the tree. Unfortunately, the farmer ended up killing the bear instead.</subfield>
  </datafield>
  <datafield tag="521" ind1="8" ind2=" ">
    <subfield code="a">550 
</subfield>
    <subfield code="b">Lexile estimate 
</subfield>
  </datafield>
  <datafield tag="521" ind1="8" ind2=" ">
    <subfield code="a">M 
</subfield>
    <subfield code="b">Raz-Plus 
</subfield>
  </datafield>
  <datafield tag="650" ind1=" " ind2=" ">
    <subfield code="a">&#x1781;&#x17D2;&#x179B;&#x17B6;&#x1783;&#x17D2;&#x1798;&#x17BB;&#x17C6;&#x1793;&#x17B7;&#x1784;&#x178A;&#x17BE;&#x1798;&#x1796;&#x1784;&#x17D2;&#x179A;</subfield>
    <subfield code="v">&#x179A;&#x17BF;&#x1784;&#x1793;&#x17B7;&#x1791;&#x17B6;&#x1793;&#x1780;&#x17BB;&#x1798;&#x17B6;&#x179A;&#x200B;</subfield>
  </datafield>
  <datafield tag="650" ind1=" " ind2=" ">
    <subfield code="a">The bear and Pongor tree </subfield>
    <subfield code="v">Children's stories </subfield>
  </datafield>
  <datafield tag="700" ind1=" " ind2=" ">
    <subfield code="a">San, Thai</subfield>
    <subfield code="e">Illustrator </subfield>
  </datafield>
  <datafield tag="942" ind1=" " ind2=" ">
    <subfield code="2">ddc</subfield>
    <subfield code="c">KHB</subfield>
    <subfield code="n">0</subfield>
  </datafield>
  <datafield tag="999" ind1=" " ind2=" ">
    <subfield code="c">8112</subfield>
    <subfield code="d">8112</subfield>
  </datafield>
  <datafield tag="952" ind1=" " ind2=" ">
    <subfield code="0">0</subfield>
    <subfield code="1">0</subfield>
    <subfield code="2">ddc</subfield>
    <subfield code="4">0</subfield>
    <subfield code="7">0</subfield>
    <subfield code="8">Khmer-English Bilingual </subfield>
    <subfield code="a">002</subfield>
    <subfield code="b">002</subfield>
    <subfield code="c">TTP Khmer</subfield>
    <subfield code="d">2025-08-25</subfield>
    <subfield code="l">0</subfield>
    <subfield code="o">THA PZ7 590</subfield>
    <subfield code="p">2025-4235</subfield>
    <subfield code="r">2025-08-25 16:16:36</subfield>
    <subfield code="w">2025-08-25</subfield>
    <subfield code="y">KHB</subfield>
  </datafield>
</record>
